00501nam a22001692 4500001001100000005001700011008004100028020001700069040001500086110003900101245008400140250001300224260003500237300001200272651004400284852000300328000001329820151217155856.0090831s xx 000 0 eng d a9966940855 : aKABUcKABU2 aCentral Bank of Kenya.@000015252210aKenya :bportrait of a country heritage and diversity /cCentral Bank of Kenya. a1st ed. aNairobi :bTransafrica,c2008. a304 p. 0aKenyaxEconomic conditions.@00001487221